| 000 | 01027nam a22003137a 4500 | ||
|---|---|---|---|
| 001 | BR8006974 | ||
| 003 | BR-BrBNA | ||
| 005 | 20230928090818.0 | ||
| 007 | ta | ||
| 008 | 230509b bl.||||| |||| 00| 0 por d | ||
| 040 |
_aBR-BrBNA _bpor _cBiblioteca Nacional de Agricultura |
||
| 041 | _a(Por) | ||
| 072 |
_aF00; E15 _b1300 _b/G514 |
||
| 090 | _ 1300 BR8006974 | ||
| 100 | 1 | _aDalponte, J.C.V. | |
| 100 | 1 | _aWerner, R.A. | |
| 110 | 1 |
_aEmpresa de Assistencia Tecnica e Extensao Rural de Santa Catarina, Florianopolis (Brasil); _93993 |
|
| 110 | 1 |
_aAssociacao de Credito e Assistencia Rural do Estado de Santa Catarina, Florianopolis (Brasil) _9468 |
|
| 245 | 1 | _aConsideracoes sobre a producao horticola da grande Florianopolis [Brasil] | |
| 260 | 3 |
_aFlorianopolis, SC (Brasil): _c1980. |
|
| 300 | _a29 p. | ||
| 650 | _aPRODUCAO VEGETAL | ||
| 650 | _aHORTALICA | ||
| 650 | _aESTATISTICA DE PRODUCAO | ||
| 650 | _aFLORIANOPOLIS | ||
| 650 | _aSANTA CATARINA | ||
| 909 |
_a202309 _bLucia _c55 _dLucia Elande |
||
| 942 | _cBK | ||
| 999 |
_c30669 _d30669 |
||